000 00395nmm a2200145Ia 4500
008 251105s9999||||xx |||||||||||||||||und||
041 _aspa
100 _aMargall, Gabriela
245 0 _aLa dama de los espejos
264 _a[Madrid, España] :
_bEdiciones B,
_c2016
300 _a363 páginas
650 _aRomance
856 _uhttps://public.digitaliapublishing.com/a/54579
942 _cCF
999 _c106008
_d106008